000 00966nam a2200325 a 4500
001 000108949
003 CHAP
005 20260126083212.0
008 140324s2012 mx a |r| |||1|||spa|d
010 _a105411
011 _a106383
020 _a9786071202697
040 _cCHAP
090 _aFolleto 18402
100 0 0 _aUranga López, Lourdes
_9116815
245 0 0 _aNiñas y niños de maíz /
_cpor Lourdes Uranga López.
260 3 _aChapingo, Méx. :
_bUACH. Dirección de Difusión Cultural,
_c2012.
300 _a50 p. :
_bil.
590 _aE792CSJ
_b05
_c20140324
_lUCH01
_h1143
590 _aE792CSJ
_b05
_c20140324
_lUCH01
_h1144
590 _aE792CSJ
_b05
_c20140324
_lUCH01
_h1144
650 1 4 _aMaíz como alimento.
_971108
650 1 4 _aMaíz
_xAnatomía.
_970860
650 1 4 _aMaíz
_xCultivo.
_970925
650 1 4 _aMaíz
_xFisiología y morfología.
_970958
650 1 4 _aMaíz
_xHistoria.
_970972
901 _aBK
942 _cFOLL
942 _n0
999 _c105411
_d105411